00819nam a2200205 a 4500008004100000020001500041050002200056110002600078245008800104260005400192300002000246350000900266650001000275650002800285650002600313650002600339995010100365999001700466952013000483090217s2004 ||||||||||||||||| || u a0862103630 aHV 6250.4.W65 Amn aAmnesty International10aLives blown apart: crimes against women in times of conflictcAmnesty International aLondon:bAmnesty International Publicationsc2004 aii, 100p.: ill. a0.00 aWOMEN aWOMEN--VIOLENCE AGAINST aWOMEN--CRIMES AGAINST aWOMEN'S--HUMAN RIGHTS D0.00FCBU-MAIN LIBRARY (Kitwe)H1I0.00M1UAVAILABLEWFeb 17, 2009ZAnnex Low-Usage Collection  c49386d49386 00102lcc4070a001b001cAnnex Low-Usage Collection d2022-11-30l0oHV 6250.4.W65 Amnp739583r2022-11-30w2022-11-30y002